Loading...
| Science - Chemistry | 0 | 3 | 0 | 1 | 30 | 46 | 71.33 | 3 | 3 | 10.08 | 25.93 |
| Science - Physics | 0 | 3 | 1 | 0 | 25 | 28 | 41.00 | 2 | 3 | 20.00 | 31.48 |
| Mythology | 0 | 2 | 0 | 0 | 20 | 72 | 93.50 | 0 | 1 | 3.42 | 3.70 |
| Literature - British | 0 | 2 | 1 | 0 | 15 | 66 | 69.50 | 0 | 2 | 8.67 | 16.93 |
| Current Events | 0 | 1 | 0 | 0 | 10 | 109 | 109.00 | 0 | 0 | 0.00 | 5.56 |
| Religion | 0 | 1 | 0 | 1 | 10 | 103 | 103.00 | 0 | 0 | 0.00 | 1.59 |
| Science - Biology | 0 | 1 | 0 | 1 | 10 | 106 | 106.00 | 0 | 0 | 0.00 | 1.85 |
| Popular Culture | 0 | 1 | 0 | 0 | 10 | 53 | 53.00 | 0 | 1 | 10.36 | 16.67 |
| Fine Arts - Classical Music | 0 | 1 | 0 | 0 | 10 | 94 | 94.00 | 0 | 1 | 3.08 | 7.41 |
| Geography | 0 | 1 | 0 | 0 | 10 | 119 | 119.00 | 0 | 1 | 0.00 | 3.33 |
| Philosophy | 0 | 1 | 0 | 0 | 10 | 53 | 53.00 | 0 | 1 | 6.07 | 8.93 |
| Science - Other | 0 | 1 | 1 | 0 | 5 | 79 | 79.00 | 0 | 1 | 3.20 | 7.41 |